| 000 | 01039nam a2200301 a 4500 | ||
|---|---|---|---|
| 001 | 24368 | ||
| 003 | CO-ViMGA | ||
| 008 | 141112s2004 ck r 000 u spa d | ||
| 020 | _a9789583801686 | ||
| 040 |
_aCO-ViMGA _bspa _cCO-ViMGA |
||
| 090 | _aA BRO1 | ||
| 100 | 1 |
_aBrowne, Anthony _92926 |
|
| 245 | 1 | 0 |
_aCambios / _cescrito e ilustrado por Anthony Browne ; traducido por Carmen Esteva |
| 250 | _a1a ed. | ||
| 260 |
_aBogotá : _bFondo de Cultura Económica, _c2011 |
||
| 300 | _a28 p. : il. col. : il. | ||
| 490 | _aLos especiales de A la orilla del viento | ||
| 500 | _aTítulo original : Changes | ||
| 610 |
_aPREMIO HANS CHRISTIAN ANDERSEN DE ILUSTRACION, 2000 _93387 |
||
| 650 | 1 | 4 |
_aIMAGINACION - LIBROS DE IMAGENES _93389 |
| 650 | 1 | 4 |
_aLEER ES MI CUENTO - COLECCION 2011 _93390 |
| 650 | 1 | 4 |
_aLITERATURA _9351 |
| 650 | 1 | 4 |
_aLITERATURA INFANTIL INGLESA _91686 |
| 650 | 1 | 4 |
_aNACIMIENTO DE UN HERMANO - LIBROS DE IMAGENES _93388 |
| 700 | 1 |
_aBrowne, Anthony _92926 |
|
| 700 | 1 |
_aEsteva, Carmen _93391 |
|
| 942 |
_2ddc _cBK |
||
| 999 |
_c2265 _d2265 |
||